000 00311nam a2200145Ia 4500
100 _aSalariya/K.S/ Gupta /Y.P
942 _cBK
654 _aMachinist
245 _aMachinist
260 _bTata McGraw Hill
_aNEW DELHI
_c1982
082 _a621.9
_bSal/Gup
300 _a232
546 _aENGLISH
999 _c30992
_d30992